[Event "45th Olympiad 2024"]
[Site "Budapest HUN"]
[Date "2024.09.15"]
[Round "5.42"]
[Board "3"]
[White "Rocha, Maximiliano"]
[Black "Abdulla, Murad"]
[Result "0-1"]
[WhiteElo "2156"]
[BlackElo "2312"]
[PlyCount "56"]
[EventDate "2024.09.11"]
[WhiteTeam "Nicaragua"]
[BlackTeam "Scotland"]
[WhiteTeamCountry "NCA"]
[BlackTeamCountry "SCO"]

1. e4 c5 2. Nf3 e6 3. Nc3 a6 4. a4 Nc6 5. Bc4 Nf6 6. Qe2 Qc7 ({RR} 6... d6 7. d3 Be7 8. O-O O-O 9. e5 dxe5 10. Nxe5 Nd4 11. Qd1 b6 12. Be3 Bb7 13. f4 Bd6 14. Rf2 Kh8 15. g4 Qc7 16. h3 Bxe5 17. fxe5 Nd7 18. Bf4 Nxe5 19. Kh2 g5 20. Bg3 f5 21. gxf5 {0-1 Christensen,B (2150)-Fressinet,L (2677) Helsingor Xtracon op 2016 (2)}) 7. O-O ({RR} 7. d3 Bd6 8. h3 Nd4 9. Qd1 Bf4 10. Bxf4 Qxf4 11. Nxd4 cxd4 12. Ne2 Qg5 13. O-O e5 14. f4 exf4 15. Nxf4 d6 16. Qf3 O-O 17. Qf2 Qc5 18. Bb3 Bd7 19. Ne2 Qg5 20. Kh1 d5 21. exd5 Rae8 {1-0 Xheladini,M (2073)-Vidmar,K (1897) Balkan & Prishtina Open 2024 (5.20)}) 7... d6 8. d3 h6 $146 ({RR} 8... Be7 9. h3 O-O 10. Bd2 b6 11. Ba2 Bb7 12. Rae1 Nd7 13. Qd1 Rfe8 14. Ng5 Nd4 15. Ne2 b5 16. c3 Nxe2+ 17. Rxe2 Ne5 18. Bc1 c4 19. dxc4 bxc4 20. Bb1 h6 21. Nf3 Nxf3+ 22. gxf3 Qa5 23. f4 {0-1 Xheladini,M (2213)-Drabke,L (2453) SUI-chT Switzerland 2004 (7.5)}) ({RR} 8... Be7 9. Be3 O-O 10. d4 cxd4 11. Nxd4 Ne5 12. Bb3 Neg4 13. Bg5 d5 14. g3 e5 15. Nf3 dxe4 16. Nxe4 h6 17. Bd2 Nxe4 18. Qxe4 Bd6 19. Rad1 Kh8 20. Bc3 Re8 21. Nh4 Nf6 22. Qc4 Bg4 23. f3 {0-1 Lachmann,U (2192)-Suhl,D (2325) Berlin-ch 2001 (2)}) 9. Be3 Be7 10. Bb3 O-O 11. d4 cxd4 12. Nxd4 Na5 13. Ba2 Bd7 14. f4 Rac8 15. Rad1 Nc4 16. Bc1 e5 17. fxe5 dxe5 18. Nf5 Bxf5 19. Rxf5 Nxb2 20. Nd5 Nxd5 21. Rxd5 Qxc2 22. Qxc2 Rxc2 23. Rf1 Rfc8 24. Bd2 Nc4 25. Bxc4 R8xc4 26. Rb1 Rxa4 27. Rxb7 Ra1+ 28. Kf2 Bg5 0-1

[Event "45th Olympiad 2024"]
[Site "Budapest HUN"]
[Date "2024.09.15"]
[Round "5.42"]
[Board "4"]
[White "Gourlay, Iain"]
[Black "Sanchez, Steven"]
[Result "1-0"]
[WhiteElo "2296"]
[BlackElo "2072"]
[PlyCount "113"]
[EventDate "2024.09.11"]
[WhiteTeam "Scotland"]
[BlackTeam "Nicaragua"]
[WhiteTeamCountry "SCO"]
[BlackTeamCountry "NCA"]

1. Nf3 d5 2. g3 Nc6 3. d4 Bf5 4. Bg2 Qd7 5. O-O f6 6. c4 e6 7. Nc3 Nge7 8. Qa4 g5 9. b4 $146 ({RR} 9. Rd1 Bg7 10. b4 Nd8 11. b5 Nf7 12. Nd2 c6 13. Ba3 O-O 14. bxc6 bxc6 15. cxd5 exd5 16. Bxe7 Qxe7 17. Qxc6 Rac8 18. Nxd5 Qxe2 19. Qb7 Kh8 20. Ne3 Bc2 21. Bf3 Nd6 22. Qxc8 {1-0 Godart,F (2411)-Cappon,J (2197) Charleroi op 2017 (2)}) 9... g4 10. cxd5 Nxd5 11. Nxd5 exd5 12. b5 Ne7 13. Nd2 a6 14. e4 dxe4 15. Nxe4 Bxe4 16. Bxe4 Rd8 17. Qc2 axb5 18. Ba3 Kf7 19. Rfe1 Nc6 20. Bb2 Nb4 21. Qb1 Re8 22. d5 Bd6 23. Re3 Kg7 24. Bf5 Qf7 25. Re4 Rxe4 26. Qxe4 h5 27. Be6 Qg6 28. Bf5 Qf7 29. Ba3 Qxd5 30. Qxd5 Nxd5 31. Bxd6 cxd6 32. Rd1 Ne7 33. Be6 Rd8 34. Rb1 f5 35. Rxb5 Kf6 36. Bb3 Rd7 37. Kf1 Rc7 38. Ke1 Rd7 39. Kd2 Ng6 40. Bd5 f4 41. Rxb7 Rxb7 42. Bxb7 h4 43. a4 fxg3 44. fxg3 Ne5 45. Ke3 hxg3 46. hxg3 Ke7 47. Bd5 Kd7 48. Kf4 Kc7 49. Be6 Nd3+ 50. Kxg4 Nc5 51. Kf5 d5 52. Bxd5 Kd6 53. Bc4 Nxa4 54. g4 Ke7 55. g5 Kf8 56. Kg6 Nc5 57. Kh6 1-0

[Event "45th Olympiad 2024"]
[Site "Budapest HUN"]
[Date "2024.09.15"]
[Round "5.43"]
[Board "2"]
[White "Giron Chavez, David Emanuel"]
[Black "Nanjo, Ryosuke"]
[Result "0-1"]
[WhiteElo "2065"]
[BlackElo "2372"]
[PlyCount "74"]
[EventDate "2024.09.11"]
[WhiteTeam "Guatemala"]
[BlackTeam "Japan"]
[WhiteTeamCountry "GUA"]
[BlackTeamCountry "JPN"]

1. e4 c5 2. Nf3 d6 3. d4 cxd4 4. Nxd4 Nf6 5. f3 e5 6. Nb3 Be6 7. c4 Nc6 ({RR} 7... a5 8. Be3 Be7 9. Be2 a4 10. N3d2 Qa5 11. Nc3 O-O 12. O-O Bd8 13. Nb5 Bb6 14. Bf2 Nc6 15. Nb1 Ne8 16. N1c3 Bc5 17. Kh1 a3 18. bxa3 Nc7 19. Rb1 Nxb5 20. Nxb5 Bxf2 21. Rxf2 Qb6 22. Qg1 {½-½ Ponomariov,R (2695)-Polgar,J (2732) Sofia MTel Masters 1st 2005 (2)}) 8. Be3 Be7 9. Qd2 $146 ({RR} 9. Nc3 O-O 10. Be2 a6 11. O-O Rc8 12. Qd2 Nd7 13. Nd5 Nc5 14. Rfd1 Bxd5 15. Qxd5 Ne6 16. Bf1 Qc7 17. Qd2 Rfd8 18. Kh1 b6 19. Rac1 h6 20. g3 Bg5 21. f4 Bf6 22. Bh3 Rb8 23. Qf2 Nc5 {1-0 Zawadzka,J (2449)-Ivanenko,O (2252) EU-ch (Women) 18th 2017 (7)}) ({RR} 9. Nc3 Rc8 10. Qd2 O-O 11. Nd5 Qd7 12. Bd3 Ne8 13. O-O f5 14. exf5 Bxf5 15. Bxf5 Qxf5 16. Bxa7 Qe6 17. Be3 Nf6 18. Rad1 Rfd8 19. Bb6 Rd7 20. Nc5 Qxd5 21. cxd5 dxc5 22. dxc6 Rxd2 23. cxb7 Rxg2+ {1-0 Kang,D (2194)-Chunchu,A (1886) Ontario Open 2024 (2.11)}) ({RR} 9. Nc3 O-O 10. Be2 Rc8 11. O-O Nh5 12. g3 Nf6 13. Rc1 h5 14. Kg2 Qd7 15. Kf2 Bh3 16. Rh1 Nh7 17. Bf1 Be6 18. c5 f5 19. cxd6 Bxd6 20. Nc5 Bxc5 21. Bxc5 Rfd8 22. Qxd7 Rxd7 23. exf5 Bxf5 {1-0 Shao,S (1673)-Menzi,N (1925) Wch U16 Girls 2013 (3)}) 9... a5 10. Na3 a4 11. Nc1 d5 12. Nd3 dxe4 13. Nc5 Qxd2+ 14. Kxd2 exf3 15. Nxe6 fxe6 16. gxf3 Rd8+ 17. Ke2 Nh5 18. Bh3 Nd4+ 19. Kf2 Bh4+ 20. Kg2 Rf8 21. Rhd1 Nf4+ 22. Bxf4 Rxf4 23. Rd3 Ke7 24. Nb5 e4 25. Nxd4 Rxd4 26. Re3 Rd2+ 27. Kh1 Rxf3 28. Rxf3 exf3 29. Bg4 Rf2 30. Rb1 g6 31. a3 h5 32. Bh3 g5 33. Bf1 g4 34. Kg1 Rd2 35. b3 axb3 36. Rxb3 Bf2+ 37. Kh1 Rd1 0-1

[Event "45th Olympiad 2024"]
[Site "Budapest HUN"]
[Date "2024.09.15"]
[Round "5.44"]
[Board "1"]
[White "Pace, Colin"]
[Black "Khoroshev, Nikita"]
[Result "0-1"]
[WhiteElo "2186"]
[BlackElo "2355"]
[PlyCount "60"]
[EventDate "2024.09.11"]
[WhiteTeam "Malta"]
[BlackTeam "Kyrgyzstan"]
[WhiteTeamCountry "MLT"]
[BlackTeamCountry "KGZ"]

1. e4 e5 2. Nf3 Nc6 3. Bc4 Nf6 4. d3 Bc5 5. O-O d6 6. c3 Bb6 7. h3 h6 8. Re1 O-O 9. Nbd2 Nh5 ({RR} 9... Ne7 10. Nf1 Ng6 11. d4 Re8 12. Ng3 c6 13. Bf1 Be6 14. a4 Bc7 15. c4 exd4 16. Nxd4 Bc8 17. Ra3 a6 18. Bd2 d5 19. exd5 cxd5 20. Rxe8+ Qxe8 21. cxd5 Nxd5 22. Qf3 Nf6 23. Ndf5 Bxf5 24. Qxf5 {1-0 Chelushkina,I (2134)-Vujovic,V (2154) 18th ch-SRB Women 2024 (3.2)}) ({RR} 9... a6 10. Bb3 Be6 11. Bc2 Ne7 12. d4 Ng6 13. Nf1 c6 14. Ng3 Bc7 15. Nf5 Nh7 16. Nh2 Bxf5 17. exf5 Nf4 18. g3 Nd5 19. Ng4 exd4 20. Qxd4 Ndf6 21. Be3 Nxg4 22. hxg4 d5 23. Kg2 Re8 24. Qd2 {1-0 Pace,C (2172)-Shrestha,K (2099) Olympiad-42 Baku 2016 (5.1)}) 10. Nf1 Qf6 11. Be3 Nf4 12. Bxb6 $146 ({RR} 12. Ng3 g5 13. Nh2 Qg6 14. b4 Kh7 15. a4 Ne7 16. a5 Bxe3 17. fxe3 Ne6 18. Rf1 Ng7 19. Ra2 Be6 20. Raf2 Ng8 21. Ng4 f6 22. Bxe6 Nxe6 23. d4 h5 24. Nh2 Ng7 25. d5 h4 26. Nf5 Nxf5 {½-½ Perus,D (2255)-Pesec,F (2148) SLO-chT1 East 2013 (1)}) ({RR} 12. Bxf4 exf4 13. d4 g5 14. N1h2 Re8 15. a4 Kg7 16. b4 a6 17. Ra2 Qg6 18. e5 Bf5 19. a5 Ba7 20. Rae2 f6 21. exf6+ Kxf6 22. Ng4+ Bxg4 23. hxg4 Rxe2 24. Qxe2 Kg7 25. d5 Nd8 26. Bd3 Qf6 {1-0 Karacsony,A (2298)-Kevei,P (2162) HUN-chT2 0102 2001 (10)}) 12... axb6 13. Ne3 Be6 14. Kh2 Na5 15. Bd5 c5 16. Ng1 Nc6 17. g3 Nxd5 18. exd5 Qxf2+ 19. Kh1 Bd7 20. Re2 Qxg3 21. dxc6 Bxc6+ 22. Ng2 f5 23. d4 f4 24. d5 Bb5 25. c4 Bxc4 26. Rc2 Bd3 27. Rc3 f3 28. Ne1 Be4 29. Nexf3 Rxf3 30. Nxf3 Rf8 0-1

[Event "45th Olympiad 2024"]
[Site "Budapest HUN"]
[Date "2024.09.15"]
[Round "5.44"]
[Board "4"]
[White "Sezdbekov, Ruslan"]
[Black "Zerafa, Patrick"]
[Result "1-0"]
[WhiteElo "2251"]
[BlackElo "1986"]
[PlyCount "99"]
[EventDate "2024.09.11"]
[WhiteTeam "Kyrgyzstan"]
[BlackTeam "Malta"]
[WhiteTeamCountry "KGZ"]
[BlackTeamCountry "MLT"]

1. d4 Nf6 2. Nf3 d6 3. g3 Nbd7 4. Bg2 c6 5. O-O Qc7 6. Re1 ({RR} 6. Nbd2 e5 7. dxe5 dxe5 8. e4 Be7 9. a4 O-O 10. Qe2 Re8 11. b3 Nf8 12. Bb2 Ng6 13. Nc4 Bf8 14. a5 Rb8 15. Nfd2 b5 16. axb6 axb6 17. Ne3 b5 18. Nf5 Bc5 19. h4 Nf8 20. h5 h6 {0-1 Piesik,P (2417)-Henriquez Villagra,C (2588) Titled Tue 23rd Apr Early 2024 (3)}) 6... e5 7. e4 Be7 8. c3 $146 ({RR} 8. c4 O-O 9. d5 a5 10. Nc3 Nc5 11. h3 Ne8 12. g4 g6 13. Be3 Nd7 14. Ng5 Ng7 15. f4 exf4 16. Bxf4 Ne5 17. Qe2 Bd7 18. Nf3 Rae8 19. Nxe5 dxe5 20. Bg3 Rd8 21. Bf2 c5 22. a4 Qc8 {1-0 Kirillov,N (2020)-Kiseljova,M (2054) Dmitrov Summer op 2008 (5)}) ({RR} 8. Nh4 O-O 9. c3 Re8 10. Kh1 Nf8 11. h3 h6 12. Na3 Be6 13. Nc2 Rad8 14. d5 cxd5 15. exd5 Bd7 16. Ne3 Qc8 17. Kh2 N6h7 18. Nf3 f5 19. Qc2 Ng5 20. Nxg5 Bxg5 21. h4 Bf6 22. Bh3 f4 {0-1 Novais,C (1851)-Viela,A (2067) POR-chB Vila Real 2005 (1)}) 8... O-O 9. Nbd2 Re8 10. a4 Bf8 11. Qc2 b6 12. b3 Bb7 13. Bb2 Rad8 14. Rad1 c5 15. d5 h6 16. c4 Rb8 17. a5 b5 18. cxb5 Qxa5 19. Bf1 Qc7 20. Ra1 Ra8 21. Ra3 Nb6 22. Rea1 Bc8 23. Bc3 Bg4 24. h3 Bh5 25. Nh4 g5 26. Ng2 Bg6 27. Bd3 Be7 28. Ne3 Reb8 29. Ndc4 Qd7 30. Nxb6 Rxb6 31. g4 Rb7 32. Ra6 Rab8 33. Rc6 Bd8 34. Nc4 Ne8 35. Qe2 f6 36. Raa6 Bb6 37. Ba5 Qd8 38. Kg2 Bxa5 39. Rxa5 Rd7 40. Qa2 Rbb7 41. Raa6 Bf7 42. f3 Kf8 43. Ra4 Qb8 44. Na5 Rb6 45. Rxb6 axb6 46. Nc6 Qb7 47. Ra7 Qc8 48. Ra8 Qb7 49. Rb8 Qc7 50. Qa6 1-0

[Event "45th Olympiad 2024"]
[Site "Budapest HUN"]
[Date "2024.09.15"]
[Round "5.46"]
[Board "1"]
[White "Michaelides, Konstantinos"]
[Black "Atabayev, Saparmyrat"]
[Result "1/2-1/2"]
[WhiteElo "2297"]
[BlackElo "2516"]
[PlyCount "261"]
[EventDate "2024.09.11"]
[WhiteTeam "Cyprus"]
[BlackTeam "Turkmenistan"]
[WhiteTeamCountry "CYP"]
[BlackTeamCountry "TKM"]

1. d4 Nf6 2. c4 g6 3. Nc3 d5 4. cxd5 Nxd5 5. e4 Nxc3 6. bxc3 Bg7 7. Nf3 c5 8. Bb5+ Nd7 9. O-O O-O 10. Re1 a6 11. Bf1 Qc7 ({RR} 11... b5 12. a4 b4 13. cxb4 cxb4 14. a5 Bb7 15. Qb3 Nc5 16. Qxb4 Bxe4 17. Qxc5 Bxf3 18. gxf3 Bxd4 19. Qa3 Bxa1 20. Qxa1 e5 21. Bh6 f6 22. Qa2+ Kh8 23. Bxf8 Qxf8 24. Rb1 Qh6 25. Qf7 Qg5+ 26. Kh1 {1-0 Giri,A (2752)-Nepomniachtchi,I (2771) Saint Louis Blitz 2023 (9.4)}) ({RR} 11... b5 12. a4 b4 13. cxb4 cxb4 14. a5 Nb8 15. h3 Nc6 16. e5 Be6 17. Be3 Bd5 18. Qd2 Qd7 19. Rec1 Rfb8 20. Ne1 Qd8 21. Rc5 e6 22. Qc1 b3 23. Nd3 Qd7 24. Rc3 Bf8 25. Qb2 Qd8 26. Nc5 {0-1 Verbin,V (2061)-Tryggestad,A (2324) Lewis Chess Legends Open 2024 (8.15)}) 12. Rb1 $146 ({RR} 12. a4 b6 13. Bg5 Re8 14. Qd2 e5 15. d5 Qd6 16. Qc2 Nf6 17. Nd2 Bd7 18. Rab1 Qc7 19. Rb2 Reb8 20. Reb1 Ne8 21. Be7 b5 22. d6 Nxd6 23. axb5 Nxb5 24. Ra1 Bf8 25. Bxf8 Kxf8 26. h4 Nd6 {1-0 Agibileg,U (2413)-Tesic,D (2287) Novi Sad TS07 Mix 2021 (4)}) 12... Rd8 13. Qb3 b5 14. a4 bxa4 15. Qxa4 Nf8 16. Ba3 cxd4 17. cxd4 Bg4 18. Ne5 Bxe5 19. dxe5 Qxe5 20. Rb7 Rd7 21. Bb2 Qd6 22. Rxd7 Bxd7 23. Qa5 Bc6 24. Bc4 Rb8 25. Qc3 Qf6 26. e5 Qf5 27. Ba3 Rb1 28. Bc1 Bb7 29. Ba2 Rb5 30. Bc4 Qg4 31. Bf1 Ne6 32. f3 Qb4 33. Qxb4 Rxb4 34. Ba3 Rd4 35. Bxe7 g5 36. Rb1 Rd7 37. Bd6 Nf4 38. Ra1 Kg7 39. g3 Ne6 40. Kf2 Bc8 41. Rc1 Bb7 42. Ke3 Bd5 43. Bxa6 Ra7 44. Be2 Ra2 45. Rc8 Rb2 46. Be7 Rb3+ 47. Bd3 Bxf3 48. Bf6+ Kh6 49. Rh8 Rxd3+ 50. Kxd3 Kg6 51. Ke3 Bg4 52. Ke4 Bf5+ 53. Kf3 h5 54. Rg8+ Kh7 55. Rb8 Kg6 56. Ke3 Bc2 57. Rb2 Bf5 58. Rf2 Nc5 59. Be7 Ne6 60. Kd2 Nc7 61. Bf6 Nd5 62. Bd8 Be4 63. Rf1 Bf5 64. Re1 Kh6 65. Kc1 Nb4 66. Rf1 Kg6 67. Bf6 Nd5 68. Bh8 Ne3 69. Re1 Nd5 70. Rd1 Be6 71. Kb2 Kh7 72. Bf6 Kg6 73. Bd8 Ne3 74. Re1 Ng4 75. Re2 Bc4 76. Rc2 Be6 77. Bf6 Nxf6 78. exf6 Kxf6 79. Rc5 h4 80. gxh4 gxh4 81. Kc3 h3 82. Kd4 Bd7 83. Ke4 Be6 84. Kf4 Bd7 85. Ra5 Be6 86. Ra6 Kg6 87. Ke5 Kg5 88. Ra8 Kg4 89. Rg8+ Kf3 90. Rg3+ Kf2 91. Kf4 Ke2 92. Rf3 Kd2 93. Re3 Bd7 94. Re5 Be6 95. Kf3 Kd3 96. Re3+ Kd4 97. Kf4 Kd5 98. Rd3+ Kc4 99. Rd1 Kc5 100. Ke5 Kc6 101. Rd3 Kc7 102. Rc3+ Kd7 103. Kf6 Kd6 104. Rd3+ Kc5 105. Ke7 Kc4 106. Rd8 Kc5 107. Rd6 Kc4 108. Kf6 Kc5 109. Ke5 Kc4 110. Rd8 Kc5 111. Rd6 Kc4 112. Rd1 Kc3 113. Ke4 Kc2 114. Rd4 Kc3 115. Rd6 Kc2 116. Ke3 Kc3 117. Rc6+ Kb4 118. Kd4 Kb5 119. Rc1 Kb6 120. Ke5 Kb5 121. Kf4 Kb4 122. Kg3 Kb5 123. Kh4 Kb4 124. Rc2 Bf5 125. Rc1 Be6 126. Kg5 Kb5 127. Kh5 Kb4 128. Kh4 Bf5 129. Rc6 Be6 130. Rc7 Kb5 131. Rc1 1/2-1/2

[Event "45th Olympiad 2024"]
[Site "Budapest HUN"]
[Date "2024.09.15"]
[Round "5.46"]
[Board "4"]
[White "Halynyazov, Vepaly"]
[Black "Kefalas, Loukas"]
[Result "1-0"]
[WhiteElo "2049"]
[BlackElo "1912"]
[PlyCount "63"]
[EventDate "2024.09.11"]
[WhiteTeam "Turkmenistan"]
[BlackTeam "Cyprus"]
[WhiteTeamCountry "TKM"]
[BlackTeamCountry "CYP"]

1. d4 Nf6 2. c4 e6 3. Nc3 d5 4. Bg5 Be7 5. e3 Nbd7 6. cxd5 exd5 7. Bd3 c6 8. Nge2 Nf8 9. O-O Ne6 10. Bh4 O-O ({RR} 10... g6 11. b4 a6 12. Na4 O-O 13. Nc5 Ng7 14. Rc1 Nfe8 15. Bxe7 Qxe7 16. a4 Nd6 17. b5 axb5 18. axb5 Bf5 19. bxc6 bxc6 20. Nf4 Rfb8 21. Re1 Ra2 22. Bf1 h5 23. Ra1 Rxa1 24. Qxa1 Ne4 25. Nxe4 {½-½ Ding,L (2813)-Fedoseev,V (2724) Tata Steel-A 81st 2019 (4)}) 11. Qc2 ({RR} 11. a3 a5 12. Rc1 b5 13. Nb1 Bb7 14. Nd2 Nd7 15. Bg3 Re8 16. Bb1 Ndf8 17. Qc2 Rc8 18. Nf3 Qb6 19. Ne5 c5 20. Nd7 Qd8 21. Nxc5 Nxc5 22. dxc5 Bxc5 23. Qd3 Qb6 24. Rfd1 b4 25. axb4 axb4 {0-1 Goncharov,V (2077)-Han,Y (2414) Titled Tue 13th Feb Early 2024 (9)}) 11... g5 $146 ({RR} 11... h6 12. Rad1 Re8 13. a3 Bd7 14. f3 Rc8 15. e4 dxe4 16. fxe4 Ng4 17. Bxe7 Qxe7 18. Rf3 Qh4 19. h3 Nf6 20. e5 Nd5 21. Ne4 Ng5 22. Nxg5 Qxg5 23. Bh7+ Kh8 24. Qe4 Be6 25. Rg3 Qh5 26. Rf1 {1-0 Shishkov,A (2340)-Kozelov,R (2089) Titled Tue 22nd Aug Early 2023 (4)}) ({RR} 11... h6 12. Rad1 Ne8 13. Bxe7 Qxe7 14. f3 Nd6 15. e4 dxe4 16. fxe4 c5 17. e5 Nxd4 18. Nxd4 cxd4 19. exd6 Qe3+ 20. Kh1 dxc3 21. Qxc3 Qb6 22. Bc2 Bg4 23. Rd2 Be6 24. Qd3 f5 25. Re2 Bd7 26. Re7 {1-0 Siekanska,M (1865)-Mihelic,V (1924) Wch U16 Girls rapid 2022 (8)}) 12. Bg3 b6 13. Be5 c5 14. Nxd5 Qxd5 15. Bxf6 Bxf6 16. Bxh7+ Kg7 17. Be4 Qd7 18. Bxa8 Ba6 19. Bf3 cxd4 20. Qf5 Qb5 21. Qg4 Be5 22. Nxd4 Bxd4 23. exd4 f5 24. Qg3 f4 25. Qg4 Nxd4 26. Rfc1 Rf7 27. h4 Nxf3+ 28. Qxf3 gxh4 29. Qg4+ Kf8 30. Rd1 Bb7 31. Rd8+ Ke7 32. Qxh4+ 1-0

[Event "45th Olympiad 2024"]
[Site "Budapest HUN"]
[Date "2024.09.15"]
[Round "5.47"]
[Board "1"]
[White "Mesfin, Leykun"]
[Black "Zambrana, Osvaldo"]
[Result "0-1"]
[WhiteElo "2118"]
[BlackElo "2405"]
[PlyCount "138"]
[EventDate "2024.09.11"]
[WhiteTeam "Ethiopia"]
[BlackTeam "Bolivia"]
[WhiteTeamCountry "ETH"]
[BlackTeamCountry "BOL"]

1. e4 c5 2. Nf3 Nc6 3. d4 cxd4 4. Nxd4 Nf6 5. Nxc6 bxc6 6. Bd3 e5 7. O-O Be7 ({RR} 7... Bc5 8. Nd2 O-O 9. Qe2 Re8 10. Ba6 d5 11. Bxc8 Rxc8 12. Kh1 h6 13. f3 Nh5 14. Nb3 Bb6 15. a4 a5 16. Bd2 Nf4 17. Qe1 Ra8 18. Rd1 Qc7 19. Nc1 Rad8 20. b3 Ne6 21. Nd3 Nd4 22. Qg3 {0-1 Collas,D (2380)-Touzane,O (2500) Cannes op 1996 (5)}) 8. Nc3 ({RR} 8. f4 exf4 9. Bxf4 d6 10. c4 Be6 11. Nc3 Qb6+ 12. Kh1 Qxb2 13. Qe1 O-O 14. Rb1 Qa3 15. Rb7 Rfe8 16. e5 dxe5 17. Bxe5 Ng4 18. Bd4 Qd6 19. Qe4 Qxh2# {0-1 Garcia Correa,J (2103)-Lutz,I (1971) Titled Tue 9th Apr Late 2024 (5)}) 8... d6 9. h3 O-O 10. Kh1 $146 ({RR} 10. Ne2 d5 11. Ng3 Qc7 12. f4 exf4 13. Bxf4 Qb6+ 14. Kh1 Qxb2 15. e5 Ne8 16. Bf5 g6 17. Rb1 Qa3 18. Rb3 Qa6 19. Bd3 Qa5 20. Bh6 Ng7 21. Bxg7 Kxg7 22. Nh5+ gxh5 23. Qxh5 h6 24. e6 Bxe6 {0-1 Vlietstra,M-Wei,M (2117) Australian op 2006 (4)}) 10... Nd7 11. Be3 Bg5 12. Qh5 Bxe3 13. fxe3 Nf6 14. Qh4 Be6 15. Rf3 Nd7 16. Qf2 Qb6 17. b3 a5 18. Ne2 a4 19. Rf1 g6 20. Qh4 Qd8 21. Qh6 Qe7 22. Ng3 f6 23. Be2 axb3 24. axb3 Ra2 25. Bd1 Qg7 26. Qh4 Kh8 27. R3f2 Qe7 28. Bg4 Kg7 29. Bxe6 Qxe6 30. Rd2 Rfa8 31. Rfd1 Ra1 32. Qg4 Qxg4 33. hxg4 Nc5 34. Rxd6 Rxd1+ 35. Rxd1 Ra2 36. Rc1 Kh6 37. Kh2 Kg5 38. Kh3 Rb2 39. Nf1 Nxe4 40. Nh2 f5 41. Nf3+ Kf6 42. gxf5 gxf5 43. Ne1 Ra2 44. Nd3 Ra8 45. g4 fxg4+ 46. Kxg4 Nd2 47. Rd1 Rg8+ 48. Kh3 Ne4 49. Rf1+ Ke6 50. Kh2 Nc3 51. Rf3 Nd5 52. Rh3 Nf6 53. Nf2 Rd8 54. Rf3 Ra8 55. Nd3 Ra2 56. Ne1 e4 57. Rg3 Ra1 58. Ng2 Rc1 59. Nf4+ Kf5 60. Rg2 Ng4+ 61. Kg3 Nxe3 62. Rf2 Ke5 63. Re2 Nf5+ 64. Kg4 Rg1+ 65. Ng2 Rxg2+ 66. Rxg2 Ne3+ 67. Kg3 Nxg2 68. Kxg2 Kd4 69. Kf2 Kc3 0-1

[Event "45th Olympiad 2024"]
[Site "Budapest HUN"]
[Date "2024.09.15"]
[Round "5.47"]
[Board "3"]
[White "Kebede, Yoseph Kifle"]
[Black "Ticona Rocabado, Licael Roderick"]
[Result "1/2-1/2"]
[WhiteElo "2037"]
[BlackElo "2321"]
[PlyCount "66"]
[EventDate "2024.09.11"]
[WhiteTeam "Ethiopia"]
[BlackTeam "Bolivia"]
[WhiteTeamCountry "ETH"]
[BlackTeamCountry "BOL"]

1. Nf3 d5 2. d4 e6 3. Bf4 Nf6 4. e3 Bd6 5. Nbd2 O-O 6. Bd3 c5 7. Bg3 Nc6 8. c3 Qe7 9. Ne5 Nd7 10. f4 f6 11. Nxc6 ({RR} 11. Nxd7 Bxd7 12. O-O f5 13. Nf3 c4 14. Bc2 b5 15. a3 a5 16. Kh1 Qe8 17. Rg1 Qh5 18. Qd2 b4 19. Bd1 Qe8 20. Bh4 bxc3 21. bxc3 Rb8 22. a4 Ne7 23. Bc2 Ng6 24. Bf2 Rb2 25. Qc1 Rb6 {0-1 Le Tuan Minh (2542)-Sarana,A (2685) Titled Tue 11th Apr Early 2023 (6)}) ({RR} 11. Qh5 g6 12. Bxg6 hxg6 13. Nxg6 Qh7 14. Qxh7+ Kxh7 15. Nxf8+ Nxf8 16. f5 e5 17. dxc5 Bxc5 18. e4 Ne7 19. O-O-O Be3 20. Kc2 Bxd2 21. Rxd2 dxe4 22. Rd8 Kg7 23. Rf1 e3 24. Kd1 b6 25. Rf3 e2+ {0-1 Kosakowski,J (2482)-Ticona Rocabado,L (2374) Titled Tue 26th Mar Late 2024 (7)}) 11... bxc6 12. O-O Rb8 13. Qc2 ({RR} 13. Rb1 c4 14. Bc2 c5 15. Kh1 f5 16. Nf3 Qe8 17. Bh4 Qh5 18. Rg1 Kh8 19. h3 Nf6 20. Bxf6 Rxf6 21. b3 cxb3 22. axb3 a6 23. Bd3 h6 24. Qe2 g5 25. fxg5 hxg5 26. Ne5 g4 27. Bxa6 Bxa6 {1-0 Jia,H (2331)-Sliwicki,D (2091) Titled Tue 16th Jan Early 2024 (5)}) 13... g6 $146 ({RR} 13... f5 14. c4 Ba6 15. b3 cxd4 16. exd4 c5 17. cxd5 Bxd3 18. Qxd3 exd5 19. Rae1 Qf6 20. Bf2 Bxf4 21. dxc5 Qc6 22. Qd4 Bxd2 23. Qxd2 Rb5 24. Re7 Nxc5 25. Qc3 Qf6 26. Qxf6 Rxf6 27. a4 Nxa4 28. bxa4 {1-0 Tello Chavez,I (1777)-Mendonca,R Pan American-ch U14 24th 2013 (1.17)}) 14. Rae1 c4 15. Be2 e5 16. e4 exf4 17. Bxf4 Bxf4 18. Rxf4 f5 19. exd5 cxd5 20. Rff1 Qd6 21. b4 Nf6 22. Bf3 f4 23. Re5 Bf5 24. Qc1 Rf7 25. Rfe1 Qd7 26. Qa3 g5 27. Qa5 Rb5 28. Qa4 a6 29. Qxa6 Rb7 30. Qa5 Ra7 31. Qc5 Rc7 32. Qa5 Ra7 33. Qc5 Rc7 1/2-1/2

[Event "45th Olympiad 2024"]
[Site "Budapest HUN"]
[Date "2024.09.15"]
[Round "5.47"]
[Board "4"]
[White "Montevilla Cahuasa, Jonathan I."]
[Black "Shiferaw, Yalemzewde Mekonnen"]
[Result "1-0"]
[WhiteElo "2064"]
[BlackElo "2025"]
[PlyCount "71"]
[EventDate "2024.09.11"]
[WhiteTeam "Bolivia"]
[BlackTeam "Ethiopia"]
[WhiteTeamCountry "BOL"]
[BlackTeamCountry "ETH"]

1. e4 c6 2. d4 d5 3. e5 Bf5 4. h4 h6 5. g4 Bc8 ({RR} 5... Be4 6. Rh3 e6 7. Nd2 Bh7 8. Nb3 Nd7 9. h5 Ne7 10. Bd3 c5 11. Bxh7 Rxh7 12. Nxc5 Nxc5 13. dxc5 Nc6 14. Rb3 Qa5+ 15. Bd2 Qa6 16. Nf3 Bxc5 17. a4 Rc8 18. Bc3 Qc4 19. Qd3 Qxd3 20. cxd3 {½-½ Istratescu,A (2636)-Bauer,C (2672) FRA-chT Top 12 2012 (9.2)}) 6. c4 ({RR} 6. Nc3 e6 7. Be3 b6 8. Nf3 Bb4 9. g5 Ba6 10. Bxa6 Bxc3+ 11. bxc3 Nxa6 12. g6 Ne7 13. gxf7+ Kxf7 14. h5 Nf5 15. Qd3 Nc7 16. Kd2 Ke8 17. Rag1 Kd7 18. Rg4 Qe7 19. Nh4 Nxh4 20. Rhxh4 Rhf8 {½-½ Sokolin,L (2454)-Belakovskaia,A (2171) World Senior Teams +50 2024 (4.1)}) 6... e6 7. Nc3 Ne7 8. b3 $146 ({RR} 8. Nf3 dxc4 9. Bxc4 Nd5 10. Ne4 Nd7 11. Kf1 Be7 12. Kg2 c5 13. a3 cxd4 14. Qxd4 N7b6 15. Bb5+ Bd7 16. Bxd7+ Qxd7 17. Bd2 O-O-O 18. Rhd1 Qa4 19. Rdc1+ Kb8 20. Qxa4 Nxa4 21. b3 Nab6 22. a4 Rc8 {0-1 Amrein,R (2198)-Varga,P (2367) HUN-ch rapid 2019 (8)}) 8... Nd7 9. Nf3 b6 10. Be3 Bb7 11. Bg2 h5 12. Ng5 hxg4 13. Qxg4 Nf5 14. Nxe6 Nxe3 15. fxe3 fxe6 16. Qg6+ Ke7 17. Rf1 Qc7 18. Bh3 Kd8 19. Bxe6 b5 20. Rf7 Be7 21. Qxg7 Re8 22. Kd2 Qa5 23. Raf1 dxc4 24. Bxd7 Kxd7 25. R1f6 Kd8 26. Rxe7 Rxe7 27. Rd6+ Kc7 28. Qxe7+ Kb6 29. b4 Qa3 30. Nd5+ Ka6 31. Nc7+ Kb6 32. Nxa8+ Bxa8 33. Qd8+ Ka6 34. Qa5+ Qxa5 35. bxa5 Kxa5 36. e6 1-0

[Event "45th Olympiad 2024"]
[Site "Budapest HUN"]
[Date "2024.09.15"]
[Round "5.48"]
[Board "1"]
[White "Al Hosani, Omran"]
[Black "Allam, Mohamed"]
[Result "1/2-1/2"]
[WhiteElo "2241"]
[BlackElo "2053"]
[PlyCount "89"]
[EventDate "2024.09.11"]
[WhiteTeam "United Arab Emirates"]
[BlackTeam "Palestine"]
[WhiteTeamCountry "UAE"]
[BlackTeamCountry "PLE"]

1. d4 d5 2. c4 e6 3. Nf3 a6 4. g3 dxc4 5. Bg2 Nc6 6. O-O Be7 7. e4 Nf6 8. Nc3 O-O 9. d5 exd5 10. exd5 Nb4 11. Ne5 Bf5 12. a3 Nd3 13. Nxc4 Nxc1 14. Rxc1 Rb8 $146 ({RR} 14... Bd6 15. Ne3 Qd7 16. Qd4 Rfe8 17. Rfe1 Bh3 18. Bf3 Re7 19. Re2 Rae8 20. Rce1 b6 21. Qd3 a5 22. Nb5 Ne4 23. Nd4 Ng5 24. Bh1 Bg4 25. Nxg4 Qxg4 26. Rxe7 Rxe7 27. Rxe7 Bxe7 28. Bg2 Nh3+ 29. Bxh3 {1-0 Ignacz,M (2265)-Pelletier,K (2096) Wch U16 Girls 2005 (6)}) ({RR} 14... Re8 15. d6 Bxd6 16. Bxb7 Bh3 17. Nxd6 cxd6 18. Bg2 Bxg2 19. Kxg2 Qb6 20. b4 Re5 21. Qf3 Rae8 22. Rfd1 a5 23. b5 h6 24. Nd5 Nxd5 25. Rxd5 Rxd5 26. Qxd5 Re5 27. Rc8+ Kh7 28. Qd3+ g6 29. a4 {1-0 Taylor,G-Baragar,F (2270) Montreal Zonal 1981}) 15. Ne3 Bd7 16. Qd3 Ne8 17. Rfd1 Nd6 18. Ne4 Nxe4 19. Bxe4 h6 20. Qc4 Bd6 21. Bf5 Bxf5 22. Nxf5 Qf6 23. Nxd6 cxd6 24. Qd4 Qxd4 25. Rxd4 Rbc8 26. Rdc4 Rxc4 27. Rxc4 Re8 28. Rc7 Re5 29. Rxb7 Rxd5 30. Rb6 a5 31. Rb8+ Kh7 32. a4 Kg6 33. Rb5 Rd2 34. b3 Rb2 35. Kg2 Kf6 36. Kf3 Ke6 37. Ke3 Rc2 38. h4 Rc5 39. Rb7 g5 40. hxg5 hxg5 41. g4 Re5+ 42. Kd3 Rd5+ 43. Ke3 Re5+ 44. Kd3 Rd5+ 45. Ke4 1/2-1/2